| 000 | 00341nam a2200133Ia 4500 | ||
|---|---|---|---|
| 008 | 240624s9999 xx 000 0 und d | ||
| 041 | _aeng | ||
| 082 | _a658.4092 HAL | ||
| 100 | _aHALDAR UDAY KUMAR | ||
| 245 | _aLEADERSHIP AND TEAM BUILDING | ||
| 260 |
_c2010 _aNew Delhi _bOxford University press |
||
| 300 | _a516 : p, | ||
| 365 |
_cRS _b32 |
||
| 999 |
_c15723 _d15723 |
||